1396 1785 1982 1243 1711 1087 1560 1074 1952 1977 1254 1084 1626 1663 1374 1055 1182 1758 1744 1772 1520 1752 1469 1375 1706 1638 1246 1643 1752 1411 1877 1896 1306 1222 1656 1504 1853 1255 1082 1743 1983 1749 1103 1100 1698 1981 1978 1633 1530 1333 1849 1361 1092 1024 1246 1963 1148 1458 1103 1106 1068 1375 1964 1329 1864 1679 1498 1415 1656 1765 1206 1131 1439 1606 1146 1343 1799 1260 1727 1255 1251 1302 1974 1340 1156 1531 1833 1718 1250 1815 1035 1611 1877 1596 1461 1193 1785 1461 1213 BCNSPRNW ULIB Ver.6.0+V

เปลี่ยนเป็นภาษาไทย

Change to English
 แสดงรายละเอียดบรรณานุกรม
  กลับหน้าหลัก

Brief Record : Get Marc (ISO 2709) : E-mail record : QR code < ปิดหน้าต่าง
LEADER : 00000nam 2200000uu 4500
001    13399120473
003     ULIB
008    120920s2550||||th 000 0 tha d
020    ^a9749508203
060 04 ^aWB460^bม443ก 2550
100 0  ^aมานพ ประภาษานนท์
245 10 ^aกายภาพบำบัดหยุดโรคด้วยตนเอง /^cมานพ ประภาษานนท์
250    ^aพิมพ์ครั้งที่ 2
260    ^aกรุงเทพฯ :^bหมอชาวบ้าน,^c2550
300    ^a[4]; 145 หน้า :^bภาพประกอบ
650  7 ^aกายภาพบำบัด
650  7 ^aยา^xการรักษา
650  7 ^aโรค
945    ^p0^l0^i15219
995    ^aกัณชพร
999 ^a ใช้งานได้ทุกระบบ
รายการนี้ยังไม่มีแท็ก
คุณยังไม่ได้ล็อกอิน คุณสามารถมีกิจกรรมร่วมกับเว็บไซต์ได้ แต่ต้องล็อกอินก่อน ::
  ล็อกอิน

รายการสื่อสารสนเทศ

ลำดับที่ ประเภท เลขเรียก/บาร์โค้ด สถานที่ สถานะ
1. วิทยาศาสตร์การแพทย์ และสุขภาพ
วิทยาศาสตร์การแพทย์ และสุขภาพ
WB460 ม443ก 2550  
  Barcode: 15219
ห้องสมุดวิทยาเขตสวรรค์ประชารักษ์
►ส่วนจัดเก็บหนังสือเก่า สปร
บนชั้น
  ขอยืม

รายการใกล้เคียง
    ผู้แต่ง [มานพ ประภาษานนท์]

    หัวเรื่อง [กายภาพบำบัด]
    หัวเรื่อง [โรค]

BibComment


ยังไม่เคยถูกคอมเมนท์

คอมเมนท์ทรัพยากรรายการนี้
  คอมเมนท์: กายภาพบำบัดหยุดโ..


 Copyright 2026. Bcnsprnw @Library